Statistiques concernant Circonscriptions législatives de la région PACA sur une carte

Cliquez ici pour prendre le quiz!

Statistiques générales

  • Ce quiz a été pris 69 fois
  • Le résultat moyen est 34 sur 42

Réponses sur la Carte

Les réponses sont colorées sur une échelle allant du rouge au vert en fonction du pourcentage des utilisateurs qui les ont devinées à leur premier essai. Vous pouvez retrouver ces pourcentages ci-dessous.
 

Statistiques - réponses

NuméroCantons inclus dans la circonscription% Correct
5Lantosque, Levens, Nice IX, Nice X, Nice XIV, Roquebillière, Saint-Etienne-de-Tinée, Saint-Martin-Vésubie, Saint-Sauveur-sur-Tinée
100%
1Nice I, Nice II, Nice III, Nice IV, Nice VIII et Nice XII
100%
3Nice V, Nice VI, Nice VII, Nice XI, Nice XIII
100%
1Marseille 10e arrondissement, 11e arrondissement, 12e arrondissement
98%
3Marseille 12e arrondissement, 13e arrondissement, 14e arrondissement
98%
7Marseille 14e arrondissement, 15e arrondissement, 16e arrondissement
98%
4Marseille 1er arrondissement, 2e arrondissement, 3e arrondissement, 5e arrondissement, 6e arrondissement
98%
5Marseille 4e arrondissement, 5e arrondissement, 6e arrondissement
98%
2Marseille 7e arrondissement, 8e arrondissement
98%
6Marseille 9e arrondissement, 10e arrondissement
98%
2Ollioules, Toulon II, Toulon III, Solliès-Pont, La Valette-du-Var
98%
1Toulon I, Toulon IV, Toulon V, Toulon VI, Toulon VII, Toulon VIII, Toulon IX
98%
8Cannes Centre, Cannes Est, Mandelieu-Cannes Ouest, Vallauris-Antibes Ouest
95%
14Aix-en-Provence Centre, Aix-en-Provence Nord-Est, Peyrolles-en-Provence, Trets
93%
11Aix-en-Provence Nord-Est, Aix-en-Provence Sud-Ouest, Les Pennes-Mirabeau
93%
1Aspres-sur-Buëch, Barcillonnette, La Bâtie-Neuve, Gap Campagne, Gap Centre, Gap Nord-Est, Gap Nord-Ouest, Gap Sud-Est, Gap Sud-Ouest, Laragne-Monteglin, Orpierre, Ribiers, Rosans, Saint-Etienne-en-Dévoluy, Serres, Tallard, Veynes
92%
4Beausoleil, Breil-sur-Roya, Contes, L'Escarène, Menton Est, Menton Ouest, Sospel, Tende, Villefranche-sur-Mer
92%
3La Crau, La Garde, Hyères Est, Hyères Ouest
92%
1Avignon Est, Avignon Nord, Avignon Ouest, Avignon Sud
88%
16Arles Est, Arles Ouest, Istres Nord, Saintes-Maries-de-la-Mer, Tarascon
86%
5Fréjus, Le Muy, Saint-Raphaël
85%
1Allos-Colmars, Annot, Barrême, Castellane, Digne Est, Digne Ouest, Entrevaux, La Javie, Les Mées, Mézel, Moustiers-Sainte-Marie, Peyruis, Riez, Saint-André-les-Alpes, Valensole, Volonne
83%
4Beaumes-de-Venise, Bollène, Malaucène, Orange Est, Orange Ouest, Vaison-la-Romaine, Valréas
81%
2Aiguilles, L'Argentière-la-Bessée, Briançon Nord, Briançon Sud, Chorges, Embrun, La Grave, Guillestre, Le Monêtier-les-Bains, Orcières, Saint-Bonnet, Saint-Firmin, Savines-le-Lac
80%
2Banon, Barcelonnette, Forcalquier, Le Lauzet-Ubaye, Manosque Nord, Manosque Sud-Est, Manosque Sud-Ouest, La Motte, Noyers-sur-Jabron, Reillanne, Saint-Etienne, Seyne, Sisteron, Turriers
80%
9Aubagne Est, Aubagne Ouest, La Ciotat
76%
8Aups, Barjols, Callas, Comps-sur-Artuby, Cotignac, Draguignan, Fayence, Rians, Salernes, Tavernes
76%
13Istres Sud, Martigues Est, Martigues Ouest, Port-Saint-Louis-du-Rhône
76%
7Antibes-Biot, Antibes Centre, Le Bar-sur-Loup, Vallauris-Antibes Ouest
75%
5Apt, Carpentras Nord, Gordes, Mormoiron, Pertuis, Sault
75%
9Le Cannet, Grasse Sud, Mougins
71%
3Bédarrides, Carpentras Sud, Pernes-les-Fontaines
69%
2Carros, Coursegoules, Guillaumes, Grasse-Nord, Puget-Théniers, Roquesteron, Saint-Auban, Saint-Vallier-de-Thiey, Vence, Villars-sur-Var
68%
12Châteauneuf-Côte-Bleue, Marignane, Vitrolles
68%
4Besse-sur-Issole, Collobrières, Grimaud, Lorgues, Le Luc, Saint-Tropez
64%
7Saint-Mandrier-sur-Mer, La Seyne-sur-Mer, Six-Fours-les-Plages, Sanary-sur-Mer et Bandol
64%
2Bonnieux, Cadenet, Cavaillon, L'Isle-sur-la-Sorgue
59%
8Berre-l'Etang, Pélissanne, Salon-de-Provence
54%
6Cagnes-sur-Mer Centre, Cagnes-sur-Mer Ouest, Saint-Laurent-du-Var-Cagnes-sur-Mer Est
51%
6Le Beausset, Brignoles, Cuers, La Roquebrussanne, Saint-Maximin-la-Sainte-Beaume
47%
15Châteaurenard, Eyguières, Lambesc, Orgon, Saint-Rémy-de-Provence
41%
10Allauch, Gardanne, Roquevaire, Meyreuil
39%

Distribution des résultats

Percentile par nombre de réponses

% des personnes avec chaque résultat

Votre développement - résultats

Vous n’avez pas pris ce quiz